Towns in Tudor & Stuart Britain (Record no. 81297)

MARC details
000 -LEADER
fixed length control field 00548nam a2200193Ia 4500
008 - FIXED-LENGTH DATA ELEMENTS--GENERAL INFORMATION
fixed length control field 191130s1996##################000#0#eng##
020 ## - INTERNATIONAL STANDARD BOOK NUMBER
ISBN 9780333610831
082 ## - DEWEY DECIMAL CLASSIFICATION NUMBER
Classification number 307.760 JAC
245 ## - TITLE STATEMENT
Title Towns in Tudor & Stuart Britain
Statement of responsibility, etc Sybil M Jack ; general editor Jeremy Black
260 ## - PUBLICATION, DISTRIBUTION, ETC. (IMPRINT)
Place of publication London
Name of publisher Macmillan
Year of publication c1996
300 ## - PHYSICAL DESCRIPTION
Number of Pages xix, 236 p. ; 23 cm.
500 ## - GENERAL NOTE
General note Includes Index
650 ## - SUBJECT ADDED ENTRY--TOPICAL TERM
Topical Term Social Science
700 ## - ADDED ENTRY--PERSONAL NAME
Personal name Jack, Sybil M
991 ## -
-- 217631
Holdings
Withdrawn status Lost status Damaged status Not for loan Home library Current library Shelving location Date acquired Full call number Accession Number Price effective from Koha item type
        Anna Centenary Library Anna Centenary Library 3RD FLOOR, B WING 09.10.2020 307.760 JAC 308550 09.10.2020 English Books

Find us on the map